[Event "Solta op 4th"]
[Site "Grohote"]
[Date "2021.08.15"]
[Round "9"]
[White "Draganic, Stjepan"]
[Black "Markuszewski, Maksymilian"]
[Result "1/2-1/2"]
[WhiteElo "2128"]
[BlackElo "1579"]
[PlyCount "42"]
[EventDate "2021.08.08"]
[EventType "swiss"]
[EventRounds "9"]
[EventCountry "CRO"]
[SourceTitle "CBM 203 Extra"]
[Source "ChessBase"]
[SourceDate "2021.09.30"]
[SourceVersion "1"]
[SourceVersionDate "2021.09.30"]
[SourceQuality "1"]

1. d4 d5 2. c3 Nf6 3. Bf4 c6 4. e3 Bf5 5. Bd3 e6 6. Qc2 g6 7. Nd2 Bg7 8. Ngf3 0-0 9. h3 Nbd7 10. 0-0 c5 11. Ne5 c4 12. Bxf5 gxf5 13. Ndf3 Ne4 14. Nxd7 Qxd7 15. Nd2 b5 16. Nxe4 fxe4 17. f3 f5 18. fxe4 fxe4 19. Qe2 Rf7 20. Qg4 Kh8 21. Qg3 Rf5 1/2-1/2

[Event "Bosnjaci op 25th"]
[Site "Bosnjaci"]
[Date "2020.01.06"]
[Round "5"]
[White "Matanovic, Luka"]
[Black "Draganic, Stjepan"]
[Result "1/2-1/2"]
[WhiteElo "2256"]
[BlackElo "2112"]
[PlyCount "119"]
[EventDate "2020.01.03"]
[EventType "swiss"]
[EventRounds "9"]
[EventCountry "CRO"]
[SourceTitle "CBM 194 Extra"]
[Source "ChessBase"]
[SourceDate "2020.03.31"]
[SourceVersion "1"]
[SourceVersionDate "2020.03.31"]
[SourceQuality "1"]

1. e4 c6 2. d4 d5 3. exd5 cxd5 4. c3 Nf6 5. Bd3 Nc6 6. Bf4 g6 7. h3 Bg7 8. Nf3 0-0 9. 0-0 Bf5 10. Re1 Bxd3 11. Qxd3 Ne4 12. Nbd2 Nxd2 13. Nxd2 Re8 14. Nb3 Na5 15. Qb5 Nc4 16. Nc5 Qb6 17. a4 Nxb2 18. Reb1 Qxb5 19. axb5 Nc4 20. Nxb7 e5 21. dxe5 Reb8 22. Na5 Bxe5 23. Bxe5 Nxe5 24. f4 Nc4 25. Nxc4 dxc4 26. Ra4 Rc8 27. Rbb4 Rcb8 28. Ra5 Rc8 29. Rba4 Rab8 30. Rxa7 Rxb5 31. Ra8 Rbc5 32. Rxc8+ Rxc8 33. Kf2 Kg7 34. Ke3 Re8+ 35. Kf3 Rc8 36. g4 Rd8 37. Rxc4 Rd3+ 38. Kg2 Kf6 39. Rc6+ Ke7 40. g5 Kd7 41. Rc4 Ke6 42. Rc7 Rd2+ 43. Kg3 Rd3+ 44. Kh4 Rf3 45. Kg4 Rd3 46. Rc6+ Kd7 47. Rc4 Re3 48. Rd4+ Ke6 49. c4 f5+ 50. gxf6 h5+ 51. Kg5 Rg3+ 52. Kh6 Kxf6 53. c5 Rxh3 54. Rc4 Ra3 55. c6 Ra8 56. Kh7 Rc8 57. c7 h4 58. Rc3 h3 59. Rxh3 Rxc7+ 60. Kh6 1/2-1/2

[Event "Solta Amateur op"]
[Site "Grohote"]
[Date "2019.06.19"]
[Round "5"]
[White "Draganic, Stjepan"]
[Black "Cotic, Borna"]
[Result "1/2-1/2"]
[WhiteElo "2072"]
[BlackElo "2110"]
[PlyCount "49"]
[EventDate "2019.06.15"]
[EventType "swiss"]
[EventRounds "9"]
[EventCountry "CRO"]
[SourceTitle "EXT 2020"]
[Source "ChessBase"]
[SourceDate "2019.10.17"]
[SourceVersion "1"]
[SourceVersionDate "2019.10.17"]
[SourceQuality "1"]

1. d4 d5 2. Bf4 Nf6 3. e3 c5 4. Nf3 Nc6 5. c3 Qb6 6. Qb3 c4 7. Qc2 Bf5 8. Qc1 h6 9. Nbd2 e6 10. Be2 Be7 11. 0-0 Qd8 12. Ne5 Nxe5 13. Bxe5 0-0 14. b3 b5 15. a4 a6 16. Qb2 Qd7 17. Ra2 Qc6 18. Rfa1 Rfc8 19. b4 Nd7 20. Bg3 Nb6 21. a5 Nd7 22. Bd1 Nf6 23. Bc2 Bxc2 24. Qxc2 Rf8 25. f3 1/2-1/2

[Event "Solta Amateur op"]
[Site "Grohote"]
[Date "2019.06.17"]
[Round "3"]
[White "Dahlgren, James Allen"]
[Black "Draganic, Stjepan"]
[Result "0-1"]
[WhiteElo "1856"]
[BlackElo "2072"]
[PlyCount "66"]
[EventDate "2019.06.15"]
[EventType "swiss"]
[EventRounds "9"]
[EventCountry "CRO"]
[SourceTitle "EXT 2020"]
[Source "ChessBase"]
[SourceDate "2019.10.17"]
[SourceVersion "1"]
[SourceVersionDate "2019.10.17"]
[SourceQuality "1"]

1. d4 Nf6 2. Bf4 d5 3. e3 Bf5 4. Bd3 Bg6 5. Nf3 e6 6. 0-0 Bd6 7. Bxd6 cxd6 8. c4 0-0 9. Nc3 dxc4 10. Bxc4 d5 11. Bd3 Nc6 12. Qe2 Rc8 13. Rfc1 a6 14. Na4 Nd7 15. Nc5 Nxc5 16. Rxc5 Bxd3 17. Qxd3 Nb8 18. Rac1 Rxc5 19. dxc5 Nc6 20. a3 Qc7 21. b4 h6 22. Nd4 Ne5 23. Qc3 Nc4 24. e4 Qf4 25. exd5 exd5 26. Re1 Qf6 27. a4 Rc8 28. Rd1 a5 29. Qh3 Re8 30. Nb5 axb4 31. Qh5 Nb2 32. Nd6 Nxd1 33. Nxe8 Qxf2+ 0-1

[Event "Podturen Mavrin Memorial 6th"]
[Site "Podturen"]
[Date "2018.01.07"]
[Round "6"]
[White "Srsan, Matija"]
[Black "Draganic, Stjepan"]
[Result "1-0"]
[WhiteElo "1947"]
[BlackElo "2033"]
[PlyCount "37"]
[EventDate "2018.01.04"]
[EventType "swiss"]
[EventRounds "7"]
[EventCountry "CRO"]
[SourceTitle "CBM 182 Extra"]
[Source "ChessBase"]
[SourceDate "2018.02.23"]
[SourceVersion "1"]
[SourceVersionDate "2018.02.23"]
[SourceQuality "1"]

1. e4 c6 2. Nc3 d5 3. Nf3 dxe4 4. Nxe4 Nf6 5. Nxf6+ exf6 6. d4 Bg4 7. Be3 Bd6 8. Be2 0-0 9. Qd2 Qe7 10. 0-0-0 Re8 11. h3 Bf5 12. Bd3 Bxd3 13. Qxd3 Nd7 14. Kb1 b5 15. d5 Nc5 16. Qf5 Na4 17. dxc6 Be5 18. Nxe5 fxe5 19. Rd7 1-0

[Event "Zagreb Damjanovic Memorial 1st"]
[Site "Zagreb"]
[Date "2016.11.11"]
[Round "2"]
[White "Mihalinec, Damir"]
[Black "Draganic, Stjepan"]
[Result "1/2-1/2"]
[WhiteElo "2234"]
[BlackElo "2060"]
[PlyCount "109"]
[EventDate "2016.11.10"]
[EventType "swiss"]
[EventRounds "9"]
[EventCountry "CRO"]
[SourceTitle "CBM 175 Extra"]
[Source "ChessBase"]
[SourceDate "2016.12.12"]
[SourceVersion "1"]
[SourceVersionDate "2016.12.12"]
[SourceQuality "1"]

1. c4 c6 2. Nf3 Nf6 3. g3 d5 4. Bg2 Bf5 5. 0-0 e6 6. b3 Be7 7. Bb2 Nbd7 8. d3 0-0 9. Nbd2 h6 10. Re1 Bh7 11. a3 a5 12. Rc1 Qb6 13. h3 Rfd8 14. Qc2 Nh5 15. Bd4 Bc5 16. Bxc5 Qxc5 17. cxd5 Qxc2 18. Rxc2 exd5 19. b4 axb4 20. axb4 Nhf6 21. b5 c5 22. e4 dxe4 23. dxe4 Ra4 24. Nh4 Re8 25. Rc3 g5 26. Nhf3 Nxe4 27. Rce3 f5 28. Nh2 Ndf6 29. Nb3 Rc8 30. f3 Nxg3 31. Re7 Rb4 32. Nf1 Ngh5 33. Na5 Nf4 34. Rxb7 Rb2 35. Ne3 c4 36. Nc6 Re8 37. Bf1 Kh8 38. Ne7 Ng8 39. Nxc4 Rc2 40. Nd6 Rxe7 41. Rexe7 Nxe7 42. Rxe7 Rb2 43. Re5 Kg7 44. Nc4 Rb1 45. Kf2 Bg8 46. Ne3 Rb2+ 47. Ke1 Be6 48. Rc5 Kf6 49. Rc6 Ke7 50. Bc4 Bxc4 51. Nxf5+ Kd7 52. Rxc4 Rxb5 53. Nxh6 Nxh3 54. Kd2 Re5 55. Re4 1/2-1/2

[Event "Zagreb Hulak Memorial op 1st"]
[Site "Zagreb"]
[Date "2016.06.11"]
[Round "2"]
[White "Draganic, Stjepan"]
[Black "Zaja, Ivan"]
[Result "0-1"]
[WhiteElo "2094"]
[BlackElo "2448"]
[PlyCount "86"]
[EventDate "2016.06.10"]
[EventType "swiss"]
[EventRounds "9"]
[EventCountry "CRO"]
[SourceTitle "CBM 173 Extra"]
[Source "ChessBase"]
[SourceDate "2016.08.29"]
[SourceVersion "1"]
[SourceVersionDate "2016.08.29"]
[SourceQuality "1"]

1. d4 Nf6 2. Bf4 d6 3. e3 Nbd7 4. Nf3 Nh5 5. Bg3 Nxg3 6. hxg3 g6 7. Be2 Bg7 8. c3 e5 9. Nbd2 Qe7 10. dxe5 dxe5 11. Nc4 e4 12. Nd4 0-0 13. Qc2 a6 14. Nd2 Re8 15. Rh4 Nf6 16. a4 b6 17. a5 c5 18. N4b3 b5 19. Nf1 h5 20. Rd1 Bf5 21. Rd2 Nd7 22. Rd5 Be6 23. Rd1 Bxb3 24. Qxb3 c4 25. Qc2 Nc5 26. Nd2 Bf6 27. Rh1 Bg5 28. Kf1 Qf6 29. Kg1 Rad8 30. b3 Nd3 31. Bxd3 exd3 32. Qb2 b4 33. Nb1 Rb8 34. f4 bxc3 35. Qxc3 Qxc3 36. Nxc3 Rxb3 37. Nd5 Bd8 38. Kf2 Rb5 39. Nc3 Rb2+ 40. Kf3 Bxa5 41. Ne4 Rd8 42. Ra1 d2 43. Rhd1 c3 0-1

[Event "CRO-chT2 Center"]
[Site "Croatia"]
[Date "2015.09.13"]
[Round "8.43"]
[White "Ivekovic, Mario"]
[Black "Draganic, Stjepan"]
[Result "0-1"]
[WhiteElo "2201"]
[BlackElo "2084"]
[PlyCount "55"]
[EventDate "2015.03.22"]
[EventType "team-tourn"]
[EventRounds "11"]
[EventCountry "CRO"]
[SourceTitle "EXT 2016"]
[Source "ChessBase"]
[SourceDate "2015.10.08"]
[SourceVersion "1"]
[SourceVersionDate "2015.10.08"]
[SourceQuality "1"]

1. e4 c6 2. d4 d5 3. exd5 cxd5 4. Bd3 Nc6 5. c3 Nf6 6. Nf3 g6 7. 0-0 Bg7 8. Re1 0-0 9. h3 Bf5 10. Bxf5 gxf5 11. Bf4 Ne4 12. Nbd2 e6 13. Qe2 Kh8 14. Qe3 Rg8 15. Ng5 Nxg5 16. Bxg5 Bf6 17. Bf4 Bg5 18. Nf3 Bxf4 19. Qxf4 Rc8 20. Re3 Qc7 21. Qxc7 Rxc7 22. Nd2 Kg7 23. Rg3+ Kf8 24. Rxg8+ Kxg8 25. f4 f6 26. Re1 Kf7 27. Kf2 h5 28. Nf3 0-1

[Event "Zagreb op"]
[Site "Zagreb"]
[Date "2015.04.23"]
[Round "8"]
[White "Rogulj, Branko"]
[Black "Draganic, Stjepan"]
[Result "1-0"]
[WhiteElo "2426"]
[BlackElo "2183"]
[PlyCount "111"]
[EventDate "2015.04.17"]
[EventType "swiss"]
[EventRounds "9"]
[EventCountry "CRO"]
[SourceTitle "CBM 166 Extra"]
[Source "ChessBase"]
[SourceDate "2015.06.18"]
[SourceVersion "1"]
[SourceVersionDate "2015.06.18"]
[SourceQuality "1"]

1. e4 c6 2. d4 d5 3. exd5 cxd5 4. c4 Nf6 5. Nc3 Nc6 6. Nf3 Bg4 7. cxd5 Nxd5 8. Be2 e6 9. 0-0 Be7 10. Be3 0-0 11. Qb3 Na5 12. Qa4 a6 13. Rfc1 b5 14. Qd1 Nc4 15. Bxc4 bxc4 16. Qe2 Rc8 17. Nd1 Qa5 18. Rxc4 Rxc4 19. Qxc4 Bxf3 20. gxf3 f5 21. Nc3 Rb8 22. Nxd5 exd5 23. Qc6 Kf7 24. Qd7 g6 25. Rc1 Qd8 26. Qa7 Qb6 27. Rc7 Qxa7 28. Rxa7 Ke8 29. b3 Rb6 30. Bf4 Rc6 31. Be5 Kf7 32. Kg2 Ke6 33. h4 Bxh4 34. Rxh7 Bf6 35. f4 Rc2 36. Rb7 Bxe5 37. fxe5 Rxa2 38. Rg7 Rd2 39. Rxg6+ Ke7 40. Rxa6 Rxd4 41. Rd6 Rb4 42. Rxd5 Ke6 43. Ra5 Rxb3 44. f4 Rc3 45. Kf2 Rb3 46. Ra2 Kd5 47. Re2 Rh3 48. Re3 Rh6 49. Kg3 Rg6+ 50. Kf3 Rh6 51. Rd3+ Kc5 52. Rd8 Ra6 53. Rf8 Ra3+ 54. Kg2 Kd5 55. Rxf5 Ke4 56. Rf6 1-0

[Event "CRO-chT2 Center 23rd"]
[Site "Grubisno Polje"]
[Date "2014.09.14"]
[Round "9.54"]
[White "Draganic, Stjepan"]
[Black "Bjelicic, Jan"]
[Result "1-0"]
[WhiteElo "2161"]
[BlackElo "2151"]
[PlyCount "94"]
[EventDate "2014.03.02"]
[EventType "team-match"]
[EventRounds "11"]
[EventCountry "CRO"]
[SourceTitle "EXT 2016"]
[Source "ChessBase"]
[SourceDate "2015.10.08"]
[SourceVersion "1"]
[SourceVersionDate "2015.10.08"]
[SourceQuality "1"]

1. d4 d5 2. Bf4 Nf6 3. e3 e6 4. Nf3 Bd6 5. Bg3 0-0 6. Nbd2 c5 7. c3 Nc6 8. Ne5 Bxe5 9. dxe5 Nd7 10. Bd3 Ncxe5 11. Bxe5 Nxe5 12. Bxh7+ Kxh7 13. Qh5+ Kg8 14. Qxe5 f6 15. Qh5 e5 16. Nf3 Qe8 17. Qxe8 Rxe8 18. 0-0-0 Be6 19. Rd2 b5 20. Ne1 Rab8 21. Nd3 Rec8 22. Kb1 a5 23. b4 Bf5 24. Kb2 cxb4 25. cxb4 Rc4 26. bxa5 d4 27. Nc1 Rbc8 28. exd4 exd4 29. Nb3 d3 30. Rhd1 Kf7 31. Nc1 Rb4+ 32. Nb3 Rbc4 33. Nc1 Rb4+ 34. Nb3 Rbc4 35. Rc1 Ra8 36. Rc3 Re8 37. Rxc4 bxc4 38. Nd4 Bc8 39. Kc3 Ba6 40. Rb2 Re4 41. Nc6 Re1 42. Nb4 Bc8 43. Kxc4 Re2 44. Kc3 Re5 45. a6 Ra5 46. Kxd3 Bxa6+ 47. Nxa6 Rxa6 1-0

[Event "Topusko op 3rd"]
[Site "Topusko"]
[Date "2014.08.15"]
[Round "9"]
[White "Sokac, Marko"]
[Black "Draganic, Stjepan"]
[Result "1-0"]
[WhiteElo "2134"]
[BlackElo "2178"]
[PlyCount "94"]
[EventDate "2014.08.08"]
[EventType "swiss"]
[EventRounds "9"]
[EventCountry "CRO"]
[SourceTitle "CBM 162 Extra"]
[Source "ChessBase"]
[SourceDate "2014.10.17"]
[SourceVersion "1"]
[SourceVersionDate "2014.10.17"]
[SourceQuality "1"]

1. e4 c6 2. Nc3 d5 3. Nf3 Nf6 4. e5 Ne4 5. Ne2 Qb6 6. d4 h6 7. g3 Bg4 8. Bg2 Na6 9. h4 c5 10. c3 cxd4 11. cxd4 Qb4+ 12. Kf1 Rc8 13. a3 Qc4 14. Nfg1 f6 15. b3 Bxe2+ 16. Nxe2 Qb5 17. a4 Qc6 18. Be3 Qc2 19. f3 Qxe2+ 20. Kxe2 Nc3+ 21. Kd2 Nxd1 22. Rhxd1 e6 23. Rac1 Bb4+ 24. Ke2 Ke7 25. exf6+ Kxf6 26. Bf4 Ba3 27. Be5+ Kf7 28. Ra1 Be7 29. f4 Nb4 30. Rac1 Na2 31. Rxc8 Rxc8 32. Kf1 g6 33. h5 Rc3 34. hxg6+ Kxg6 35. Rd2 Nb4 36. Bh3 h5 37. Bxe6 Bf6 38. Kg2 Rxb3 39. Kh3 Ra3 40. Bd7 Nd3 41. Bd6 Rb3 42. Bb5 Ne1 43. Be8+ Kg7 44. Bxh5 Nf3 45. Bxf3 Rxf3 46. Kg4 Rc3 47. Be5 Kf7 1-0

[Event "Topusko op 3rd"]
[Site "Topusko"]
[Date "2014.08.12"]
[Round "6"]
[White "Draganic, Stjepan"]
[Black "Klement, Dubravko"]
[Result "1/2-1/2"]
[WhiteElo "2178"]
[BlackElo "1915"]
[PlyCount "120"]
[EventDate "2014.08.08"]
[EventType "swiss"]
[EventRounds "9"]
[EventCountry "CRO"]
[SourceTitle "CBM 162 Extra"]
[Source "ChessBase"]
[SourceDate "2014.10.17"]
[SourceVersion "1"]
[SourceVersionDate "2014.10.17"]
[SourceQuality "1"]

1. d4 Nf6 2. Bg5 Ne4 3. Bf4 d5 4. e3 Nc6 5. c3 g6 6. Nd2 Nf6 7. Ngf3 Bg7 8. Ne5 Nxe5 9. Bxe5 Nh5 10. Bxg7 Nxg7 11. Be2 0-0 12. h4 h5 13. Bd3 Bf5 14. Nf3 e6 15. Ne5 Bxd3 16. Qxd3 Nf5 17. g4 hxg4 18. h5 Kg7 19. hxg6 fxg6 20. Nxg4 Qg5 21. Qe2 Rh8 22. Kd2 Rxh1 23. Rxh1 Rh8 24. Rxh8 Kxh8 25. Ne5 Nd6 26. f3 Kg7 27. Qh2 Qf5 28. Ng4 Qg5 29. b3 Kg8 30. a4 Kg7 31. Kc2 Qh5 32. Qg3 Qf5+ 33. Kb2 a5 34. Ne5 Qh5 35. Nd3 Qf5 36. Nc5 g5 37. e4 dxe4 38. fxe4 Nxe4 39. Nxe4 Qxe4 40. Qxg5+ Kf7 41. Qxa5 b6 42. Qe5 Qc6 43. c4 Ke7 44. d5 Qd6 45. Qxe6+ Qxe6 46. dxe6 Kxe6 47. Ka3 Kd6 48. a5 bxa5 49. Ka4 Kc5 50. Kxa5 c6 51. Ka4 Kb6 52. b4 Ka6 53. Kb3 Kb6 54. Kc3 Kc7 55. c5 Kc8 56. Kb3 Kb7 57. Ka4 Ka8 58. Ka5 Ka7 59. b5 cxb5 60. Kxb5 Kb7 1/2-1/2

[Event "Topusko op 3rd"]
[Site "Topusko"]
[Date "2014.08.09"]
[Round "2"]
[White "Draganic, Stjepan"]
[Black "Dvorski, Renato"]
[Result "1-0"]
[WhiteElo "2178"]
[BlackElo "1949"]
[PlyCount "111"]
[EventDate "2014.08.08"]
[EventType "swiss"]
[EventRounds "9"]
[EventCountry "CRO"]
[SourceTitle "CBM 162 Extra"]
[Source "ChessBase"]
[SourceDate "2014.10.17"]
[SourceVersion "1"]
[SourceVersionDate "2014.10.17"]
[SourceQuality "1"]

1. d4 e6 2. Bf4 d5 3. e3 Be7 4. Nf3 f5 5. Ne5 Nf6 6. Be2 0-0 7. Nd2 Nbd7 8. 0-0 Nxe5 9. Bxe5 Ne4 10. f4 Nxd2 11. Qxd2 Bd6 12. c4 Bxe5 13. fxe5 c6 14. b4 Bd7 15. a4 a6 16. c5 Ra7 17. b5 axb5 18. axb5 Qa8 19. Qb2 cxb5 20. Rxa7 Qxa7 21. Ra1 Qb8 22. Bxb5 Bxb5 23. Qxb5 Qc8 24. Ra7 Rf7 25. Qa5 Rf8 26. Qb6 Rf7 27. g3 g6 28. h4 h5 29. Kf2 Kg7 30. Kf3 Kg8 31. Kf4 Kg7 32. Qd6 Kg8 33. Ra2 Kg7 34. Rb2 Rc7 35. Ra2 Rf7 36. Ra1 Kg8 37. Rb1 Rc7 38. Kf3 Kg7 39. Ra1 Rf7 40. Qb6 Kg8 41. Qa7 Rf8 42. Rb1 Rf7 43. Rb6 Kg7 44. Kf4 Rc7 45. Qa5 Rf7 46. Qb4 Kh7 47. Kf3 Kg7 48. Qa4 Rc7 49. Rb5 Rf7 50. Ra5 Rf8 51. Ra7 Kg8 52. Kf4 Kh8 53. Qb4 Rf7 54. Qa3 Rf8 55. c6 b6 56. Qe7 1-0

[Event "Topusko op 3rd"]
[Site "Topusko"]
[Date "2014.08.09"]
[Round "3"]
[White "Mirkovic, Stevan"]
[Black "Draganic, Stjepan"]
[Result "1/2-1/2"]
[WhiteElo "2298"]
[BlackElo "2178"]
[PlyCount "60"]
[EventDate "2014.08.08"]
[EventType "swiss"]
[EventRounds "9"]
[EventCountry "CRO"]
[SourceTitle "CBM 162 Extra"]
[Source "ChessBase"]
[SourceDate "2014.10.17"]
[SourceVersion "1"]
[SourceVersionDate "2014.10.17"]
[SourceQuality "1"]

1. Nf3 d5 2. d4 Bf5 3. c4 e6 4. Nc3 c6 5. e3 Nd7 6. Be2 h6 7. 0-0 Ngf6 8. Nd2 Bb4 9. a3 Bxc3 10. bxc3 Ne4 11. Nxe4 Bxe4 12. cxd5 cxd5 13. f3 Bg6 14. c4 dxc4 15. Bxc4 0-0 16. e4 Rc8 17. Bb3 Nb6 18. Be3 Rc3 19. Re1 Nc4 20. Bxc4 Rxc4 21. Qb3 Qc7 22. Rac1 Rxc1 23. Rxc1 Qd7 24. Qc4 Rd8 25. Qc7 f6 26. Qg3 Kh7 27. Rc7 Qa4 28. h4 Rd7 29. Rxd7 Qxd7 30. Qb8 a6 1/2-1/2

[Event "Topusko op 3rd"]
[Site "Topusko"]
[Date "2014.08.08"]
[Round "1"]
[White "Novak, Vjekoslav"]
[Black "Draganic, Stjepan"]
[Result "0-1"]
[WhiteElo "1762"]
[BlackElo "2178"]
[PlyCount "90"]
[EventDate "2014.08.08"]
[EventType "swiss"]
[EventRounds "9"]
[EventCountry "CRO"]
[SourceTitle "CBM 162 Extra"]
[Source "ChessBase"]
[SourceDate "2014.10.17"]
[SourceVersion "1"]
[SourceVersionDate "2014.10.17"]
[SourceQuality "1"]

1. d4 Nf6 2. c4 c5 3. d5 b5 4. cxb5 a6 5. Nc3 d6 6. e4 g6 7. Bc4 Bg7 8. Nge2 0-0 9. 0-0 Nbd7 10. f4 Ne8 11. a4 axb5 12. Nxb5 Nb6 13. Bd3 Nc7 14. Qc2 c4 15. Bxc4 Nxc4 16. Nxc7 Qxc7 17. Be3 Ba6 18. b3 Bxa1 19. Rxa1 Rfc8 20. bxc4 Qxc4 21. Qxc4 Rxc4 22. Ng3 Rb8 23. e5 Rb3 24. Bc1 Rd4 25. exd6 exd6 26. f5 Rd1+ 27. Kf2 gxf5 28. Ne2 Rxd5 29. Bh6 Rb2 30. Re1 Rxe2+ 31. Rxe2 Bxe2 32. Kxe2 Ra5 33. Bf4 d5 34. h4 Rxa4 35. g3 Ra3 36. Be5 f6 37. Bf4 Kf7 38. h5 Ke6 39. Kf2 d4 40. Ke2 Kd5 41. Kd2 Ke4 42. Ke2 Ra2+ 43. Kd1 Kd3 44. Ke1 Re2+ 45. Kd1 Rh2 0-1

[Event "CRO-chT2 Center 23rd"]
[Site "Grubisno Polje"]
[Date "2014.03.02"]
[Round "1.1"]
[White "Draganic, Stjepan"]
[Black "Cop, Tomislav"]
[Result "0-1"]
[WhiteElo "2161"]
[BlackElo "2301"]
[PlyCount "66"]
[EventDate "2014.03.02"]
[EventType "team-match"]
[EventRounds "11"]
[EventCountry "CRO"]
[SourceTitle "EXT 2016"]
[Source "ChessBase"]
[SourceDate "2015.10.08"]
[SourceVersion "1"]
[SourceVersionDate "2015.10.08"]
[SourceQuality "1"]

1. d4 d6 2. Bf4 Nf6 3. e3 g6 4. c3 Bg7 5. Nd2 0-0 6. Ngf3 Nh5 7. Bg5 h6 8. Bh4 f5 9. Be2 g5 10. Bg3 Qe8 11. Ng1 Nf6 12. Qb3+ Kh8 13. f4 g4 14. h3 Nh5 15. Nf1 e5 16. fxe5 Nxg3 17. Nxg3 dxe5 18. d5 f4 19. Ne4 Qg6 20. Nf2 gxh3 21. gxh3 fxe3 22. Ng4 h5 23. 0-0-0 hxg4 24. hxg4+ Bh6 25. g5 Qxg5 26. Nh3 Qh4 27. Rdg1 Bxh3 28. Qxb7 Nd7 29. Qxc7 Rg8 30. Rxg8+ Rxg8 31. Qxd7 Rg1+ 32. Kc2 Qe4+ 33. Bd3 Qg2+ 0-1

[Event "CRO-chT2 Center 23rd"]
[Site "Grubisno Polje"]
[Date "2014.03.02"]
[Round "2.6"]
[White "Draganic, Stjepan"]
[Black "Martic, Josip"]
[Result "1-0"]
[WhiteElo "2161"]
[BlackElo "2020"]
[PlyCount "99"]
[EventDate "2014.03.02"]
[EventType "team-match"]
[EventRounds "11"]
[EventCountry "CRO"]
[SourceTitle "EXT 2016"]
[Source "ChessBase"]
[SourceDate "2015.10.08"]
[SourceVersion "1"]
[SourceVersionDate "2015.10.08"]
[SourceQuality "1"]

1. d4 Nf6 2. Bg5 d6 3. Bxf6 gxf6 4. e3 Bf5 5. Bd3 Bg6 6. h4 a6 7. h5 Bxd3 8. Qxd3 c5 9. c3 Qb6 10. Qc2 Nd7 11. Qb3 e6 12. Qxb6 Nxb6 13. Nd2 d5 14. Ne2 0-0-0 15. a4 Rg8 16. g3 f5 17. Nf4 cxd4 18. exd4 Bd6 19. Nd3 Kb8 20. Ke2 Rde8 21. Kf3 f6 22. a5 Nd7 23. Nf4 Bxf4 24. gxf4 e5 25. Rhg1 e4+ 26. Ke3 Rg4 27. Rxg4 fxg4 28. f5 Rg8 29. Kf4 Rg5 30. Rh1 b5 31. Nf1 Kc7 32. Ne3 Kd6 33. Nxg4 Rg8 34. b4 Rc8 35. Rh3 Rg8 36. Rg3 Rg5 37. Rh3 Rg8 38. Re3 Rg7 39. f3 exf3 40. Re6+ Kc7 41. Kxf3 Rg5 42. Kf4 Rxh5 43. Re7 Rh1 44. Nxf6 Rf1+ 45. Kg5 h6+ 46. Kg6 h5 47. Rxd7+ Kc6 48. Rh7 Rf3 49. Ne8 Rg3+ 50. Kf6 1-0

[Event "Topusko op 2nd"]
[Site "Topusko"]
[Date "2013.08.06"]
[Round "4"]
[White "Draganic, Stjepan"]
[Black "Orak, Tugomir"]
[Result "1-0"]
[WhiteElo "2192"]
[BlackElo "2015"]
[PlyCount "71"]
[EventDate "2013.08.03"]
[EventType "swiss"]
[EventRounds "7"]
[EventCountry "CRO"]
[SourceTitle "CBM 155 Extra"]
[Source "ChessBase"]
[SourceDate "2013.08.26"]
[SourceVersion "1"]
[SourceVersionDate "2013.08.26"]
[SourceQuality "1"]

1. d4 Nf6 2. Bf4 e6 3. e3 Be7 4. Nf3 b6 5. Be2 Bb7 6. h3 d6 7. Nbd2 Nbd7 8. c3 a6 9. 0-0 c5 10. Nc4 d5 11. Nd6+ Bxd6 12. Bxd6 Ne4 13. Bh2 0-0 14. Nd2 Nxd2 15. Qxd2 Re8 16. Bd6 Rc8 17. Bf3 Rc6 18. Bg3 Rc8 19. Rad1 Qe7 20. Rfe1 f5 21. c4 Nf6 22. dxc5 Qxc5 23. Rc1 Ne4 24. Bxe4 fxe4 25. cxd5 Qxd5 26. Qb4 b5 27. Qa5 Rxc1 28. Rxc1 Rc8 29. Rc7 Rxc7 30. Qxc7 Qc6 31. Qd8+ Kf7 32. Bd6 Bc8 33. Qf8+ Kg6 34. Be5 Qd7 35. Qf4 Bb7 36. Qg4+ 1-0

[Event "Topusko op"]
[Site "Topusko"]
[Date "2012.08.08"]
[Round "5"]
[White "Draganic, Stjepan"]
[Black "Salihovic, Amar"]
[Result "1/2-1/2"]
[WhiteElo "2156"]
[BlackElo "2176"]
[PlyCount "119"]
[EventDate "2012.08.04"]
[EventType "swiss"]
[EventRounds "7"]
[EventCountry "CRO"]
[SourceTitle "EXT 2013"]
[Source "ChessBase"]
[SourceDate "2012.11.22"]
[SourceVersion "1"]
[SourceVersionDate "2012.11.22"]
[SourceQuality "1"]

1. d4 Nf6 2. Bf4 g6 3. e3 Bg7 4. Nf3 d6 5. Nc3 0-0 6. Be2 h6 7. h3 Nbd7 8. 0-0 a6 9. a4 Qe8 10. e4 e5 11. dxe5 dxe5 12. Be3 Qe7 13. Nd5 Nxd5 14. Qxd5 Nf6 15. Qc4 Be6 16. Qc5 Qxc5 17. Bxc5 Rfe8 18. Nd2 Bf8 19. Bxf8 Kxf8 20. f4 Rad8 21. Bd3 exf4 22. Rxf4 Nd7 23. Kf1 Ne5 24. Ke2 Rd4 25. Nf3 Nxd3 26. cxd3 Rb4 27. Nd2 Rxb2 28. Rff1 Ke7 29. Rfb1 Rxb1 30. Rxb1 b6 31. Ke3 Bd7 32. Ra1 f5 33. a5 b5 34. Rc1 Kd6 35. d4 Bc6 36. e5+ Kd7 37. Nb3 Bxg2 38. Rg1 Bxh3 39. Rxg6 Rh8 40. Nc5+ Kc8 41. Rxa6 Bg2 42. Kf2 Bd5 43. Rf6 b4 44. e6 Re8 45. e7 b3 46. Rf8 Bc6 47. d5 Bb5 48. Nxb3 Kd7 49. Rxf5 Bc4 50. Nd2 Bd3 51. Rf3 Bb5 52. Rf5 Bd3 53. Rf3 Bb5 54. Rb3 Ba6 55. Ne4 Kxe7 56. d6+ cxd6 57. Rb6 Ra8 58. Nxd6 Bd3 59. Ke3 Rxa5 60. Kxd3 1/2-1/2

[Event "Zagreb op-B"]
[Site "Zagreb"]
[Date "2012.03.09"]
[Round "5"]
[White "Bilic, Mario"]
[Black "Draganic, Stjepan"]
[Result "1-0"]
[WhiteElo "2296"]
[BlackElo "2172"]
[PlyCount "74"]
[EventDate "2012.03.05"]
[EventType "swiss"]
[EventRounds "9"]
[EventCountry "CRO"]
[SourceTitle "CBM 147 Extra"]
[Source "ChessBase"]
[SourceDate "2012.04.24"]
[SourceVersion "1"]
[SourceVersionDate "2012.04.24"]
[SourceQuality "1"]

1. e4 c6 2. d4 d5 3. e5 Bf5 4. Be2 g6 5. Nd2 h5 6. Nf1 Bh6 7. Ne3 Bd7 8. Nf3 Na6 9. 0-0 Nc7 10. b3 Ne6 11. Re1 Ng7 12. Bd3 e6 13. h3 Ne7 14. g4 Bf4 15. Ng2 Bxc1 16. Qxc1 Ng8 17. Ng5 Nh6 18. Qf4 Qe7 19. Qf6 Qf8 20. f3 Ng8 21. Qf4 Nh6 22. c4 0-0-0 23. c5 Qe7 24. b4 Rdf8 25. a4 f6 26. exf6 Rxf6 27. Qe5 Nf7 28. Nxf7 Qxf7 29. f4 hxg4 30. hxg4 Rh3 31. Re3 Rxe3 32. Qxe3 g5 33. Rf1 Qe7 34. Qe5 Rf8 35. fxg5 Rxf1+ 36. Bxf1 Ne8 37. Bd3 b6 1-0